| 000 | 00826nam a2200229 i 4500 | ||
|---|---|---|---|
| 001 | 169310 | ||
| 003 | ES-MaACL | ||
| 005 | 20250911062845.0 | ||
| 008 | 080829s2007 sp |||| | spa d | ||
| 017 | _aM-47.196-2007 | ||
| 020 | _a978-84-7522-662-0 | ||
| 080 | _a821.134.2-14"19" | ||
| 100 | 1 |
_aFernández de Córdova, Anunciada. _9138403 |
|
| 245 | 1 | 3 |
_aLa percepción inquietante / _cAnunciada Fernández de Córdova. |
| 260 |
_aMadrid : _bVisor Libros, _c2007. |
||
| 300 |
_a128 p. ; _c20 cm. |
||
| 490 | 1 |
_aColección Visor de poesía ; _v662 |
|
| 500 | _a"XVII Premio de Poesía 'Jaime Gil de Biedma' de la Diputación Provincial de Segovia, Accésit de la Junta de Castilla y León" | ||
| 830 | 0 |
_aColección Visor de poesía _v662 _9177331 |
|
| 852 | 4 |
_aES-MaACL _jL-29665 _9R.143166 |
|
| 999 |
_c169310 _d169310 |
||